| 000 | 00570nam a2200193Ia 4500 | ||
|---|---|---|---|
| 003 | OSt | ||
| 005 | 20230608161300.0 | ||
| 008 | 210423s2005 xx 000 0 und d | ||
| 040 | _cAL | ||
| 082 |
_a305.4 RAVE _223 |
||
| 100 |
_aRAVI (R Venkata) _9122880 |
||
| 245 | _aEmpowerment of people:grassroot strategus and issues | ||
| 260 |
_aNew Delhi _bKanishka Publishers Distributors _c2005 |
||
| 365 |
_b750 _cINR |
||
| 650 |
_aSociology _9122881 |
||
| 650 |
_aWomen Studies _9122882 |
||
| 906 | _aEmpowerment ; issues ; people:grassroot ; strategus | ||
| 942 |
_2ddc _cBK |
||
| 999 |
_c174094 _d174094 |
||